000 01827nam a2200265 4500
001 0000000551
005 20250329165433.0
008 170718s2017 000 0 eng d
040 _aCO-CtgCURN
_bspa
_ccoctgcurn
082 0 _aENF 2017
_bJ614
100 1 _aMartelo Barroso, Viannys.
245 1 0 _aConductas sexuales de riesgo en los estudiantes de la facultad de ciencias de la salud, corporacion universitaria rafael nuñez, cartagena 2017 /
_cViannys Martelo Barroso; Camilo Moreno Rivera; Michelena Posada Puerta; Yesica Jimenez Cantillo; Asesor: Sandra Lorena Vallejo Arias.
260 _aCartagena de Indias :
_bCorporación Universitaria Rafael Núñez,
_c2017.
504 _aTrabajo de grado (Enfermera). Corporacion Universitaria Rafael Nuñez. Facultad de Ciencias de la Salud. Enfermeria, 2027.
520 _aEsta investigacion se plateo con el objetivo de determinar cuales son las conductas sexuales de riesgo presentes en los estudiantes de la Facultad Ciencias de la Salud de la Corporacion Universitaria Rafael Nuñez, en el presente año, buscando aportar asi, datos valiosos, pertinentes y basados en evidencia, que lleven a comprender en que medida dichas conductas influyen en el comportamiento y emociones de esta poblacion objeto de estudio.
650 0 _aEnfermeria
_xTesis y disertaciones academicas.
700 1 _aMartelo Barroso, Viannys.
700 1 _aMoreno Rivera, Camilo.
700 1 _aPosada Puerta, Michelena.
700 1 _aJimenez Cantillo, Yesica.
700 1 _aVallejo Arias, Sandra Lorena.
856 _uhttps://unicurn.sharepoint.com/:b:/s/biblioteca/EfsC62N53gNJhyt-1RMHu8QBwAmNadPXBg5qKwKSHX_cxA?e=GTvXkF
_zClick aqui para ver el recurso en texto completo
942 _hENF 2017
_iJ614
_2ddc
_cTG
999 _c3974
_d3974